Defeating jihad : (Record no. 55270)

MARC details
000 -LEADER
fixed length control field 00698nam a22002057a 4500
008 - FIXED-LENGTH DATA ELEMENTS--GENERAL INFORMATION
fixed length control field 200130b ||||| |||| 00| 0 eng d
020 ## - INTERNATIONAL STANDARD BOOK NUMBER
International Standard Book Number 192865326X
020 ## - INTERNATIONAL STANDARD BOOK NUMBER
International Standard Book Number 9781928653264
050 ## - LIBRARY OF CONGRESS CALL NUMBER
Classification number HV6432
Item number .T86 2006
100 ## - MAIN ENTRY--PERSONAL NAME
Personal name Trifkovic, Srdja.
245 ## - TITLE STATEMENT
Title Defeating jihad :
Remainder of title how the War on Terrorism can be won- in spite of ourselves /
Statement of responsibility, etc Serge Trifkovic.
260 ## - PUBLICATION, DISTRIBUTION, ETC. (IMPRINT)
Place of publication, distribution, etc Boston, MA :
Name of publisher, distributor, etc Regina Orthodox Press,
Date of publication, distribution, etc 2006.
300 ## - PHYSICAL DESCRIPTION
Extent 335p. ;
Dimensions 23 cm
500 ## - GENERAL NOTE
General note Includes bibliographical references and index. <br/>
650 ## - SUBJECT ADDED ENTRY--TOPICAL TERM
Topical term or geographic name as entry element Jihad.
650 ## - SUBJECT ADDED ENTRY--TOPICAL TERM
Topical term or geographic name as entry element War on Terrorism, 2001-2009.
650 ## - SUBJECT ADDED ENTRY--TOPICAL TERM
Topical term or geographic name as entry element Islam and world politics.
650 ## - SUBJECT ADDED ENTRY--TOPICAL TERM
Topical term or geographic name as entry element Terrorism
General subdivision Religious aspects
-- Islam.
942 ## - ADDED ENTRY ELEMENTS (KOHA)
Source of classification or shelving scheme Library of Congress Classification
Item type Book
Holdings
Withdrawn status Lost status Source of classification or shelving scheme Damaged status Not for loan Collection code Home library Current library Shelving location Date acquired Source of acquisition Cost, normal purchase price Total Checkouts Full call number Barcode Copy number Price effective from Koha item type
    Library of Congress Classification     Non-fiction Bishop Okullu Memorial Library (Limuru Campus) Bishop Okullu Memorial Library (Limuru Campus) General Circulation 30/01/2020 Donations - Banabas Fund 4529.00   HV6432 .T86 2006 063743 1 30/01/2020 Book